Sourates du Coran en Français - Statistiques

Statistiques générales
  • Ce quiz a été pris 711 fois
  • Le résultat moyen est 17 sur 114
Statistiques - réponses
Numéro Réponse % Correct
2 La vache/ Al baqara
91%
1 L'ouverture/ Al fatiha
84%
4 Les femmes/ An nisa
63%
114 Les hommes/ An Nas
63%
3 La famille d'Imran/ Al Imran
56%
112 Le monothéisme pur/ Al ikhlas
44%
19 Marie / Maryam
42%
18 La caverne/ Al kahf
40%
113 L'aube naissante/ Al falaq
39%
12 Joseph/ Yusuf
34%
16 Les abeilles
34%
27 Les fourmis
31%
10 Jonas/ Yunus
30%
105 L'éléphant/ Al fil
29%
36 Yasin
27%
5 La table garnie/ Al maidah
26%
11 Hud
25%
14 Abraham
24%
20 TaHa
24%
24 La lumière/ An Nur
23%
47 Muhammad
23%
29 L'araignée
22%
91 Le soleil/ As shams
22%
21 Les prophètes
22%
23 Les croyants
21%
109 Les mécréants/ Al kafiroun
21%
54 La lune
20%
9 Le repentir
20%
108 L'abondance/ Al kawtar
19%
89 L'aube
19%
103 Le temps/ Al asr
19%
92 La nuit
18%
22 Le pèlerinage/ Al Hajj
18%
110 Le secours/ An nasr
18%
31 Luqman
18%
13 Le tonnerre
17%
17 Le voyage nocturne
17%
111 La corde tressée/ Al masad
16%
71 Noé/ Nuh
16%
15 Al Hijr
15%
33 Les coalisés
15%
87 Le très haut/ Al ala
15%
32 La prosternation
14%
67 La souveraineté/ Al mulk
14%
95 Le figuier/ At tin
14%
55 Le miséricordieux
14%
26 Les poètes
14%
34 Saba
14%
38 Sad
14%
53 Les étoiles
13%
6 Le bétail
12%
30 Les byzantins
12%
62 Le vendredi/ Al jumuah
12%
40 Pardonneur/ Ghafir
12%
50 Qaf
12%
28 Le récit
11%
7 Les murailles
11%
35 Créateur
10%
107 L'aide/ Al maun
10%
97 La nuit du décret/ Al qadr
10%
68 La plume/ Al Qalam
10%
39 Les groupes
10%
63 Les hypocrites
10%
37 Les rangs
10%
90 La cité/ Al balad
9%
44 La fumée
9%
48 La victoire
9%
57 Le fer
9%
8 Les prises de guerre
9%
25 Le critère
8%
49 Les appartements
8%
76 L'homme/ Al insan
8%
43 L'ornement
8%
46 Al Ahqaf
7%
96 Le caillot de sang/ Al alaq
7%
61 Le rang
7%
85 Les constellations
7%
80 Il s'est renfrogné
6%
52 Le mont
6%
104 Les calomniateurs/ Al humazah
6%
99 Le séisme
6%
41 Les versets détaillés
6%
58 La discussion
5%
98 La preuve manifeste/ Al bayyinah
5%
75 La résurrection
5%
72 Les djins
5%
42 La concertation
4%
93 Le jour levant
4%
59 Le rassemblement
4%
74 Le revêtu d'un manteau
4%
45 Les communautés agenouillées
4%
77 Les envoyés
4%
83 Les fraudeurs
4%
106 Les qurayshites
4%
69 L'inévitable
4%
65 La répudiation/ Al talaq
3%
94 L'épanouissement
3%
100 Les chevaux galopants
3%
51 Les vents qui éparpillent
3%
73 Celui qui s'enveloppe
2%
79 Ceux qui arrachent les âmes
2%
64 La duperie
2%
60 La mise à l'épreuve
2%
102 La rivalité orgueilleuse
2%
84 Le déchirement
2%
101 Le jour qui frappera d'effroi
2%
86 Les astres nocturnes
2%
70 Les voies célestes
2%
56 L'inéluctable
2%
66 L'interdiction
2%
81 L'obscurcissement/ At tawkir
2%
82 La fente
1%
78 L'annonce éminente
1%
88 Le jour qui s'étendra
0%
Aucun quiz correspondant
Distribution des résultats
% des personnes avec chaque résultat
Percentile par nombre de réponses
Votre historique - résultats
Vous n’avez pas pris ce quiz